DTM Fahrer 2021 - Statistiken

Allgemein
  • Dieses Quiz wurde 5 mal gespielt
  • Das Durchschnittsergebnis liegt bei 13 aus 30
Antwortstatistiken
Team Nummer Marke Nation Fahrer % Korrekt
Team Abt Sportsline 3 Audi Südafrika Kelvin van der Linde
100%
Mercedes-AMG Team HRT 4 Mercedes Deutschland Maximilian Götz
100%
Rowe Racing 31 BMW Südafrika Sheldon van der Linde
100%
Mercedes-AMG Team GetSpeed(15) 36 Mercedes Indien Arjun Maini
75%
Red Bull AlphaTauri AF Corse 30 Ferrari Neuseeland Liam Lawson
75%
Mercedes-AMG Team WINWARD 22 Mercedes Österreich Lucas Auer
75%
Walkenhorst Motorsport 11 BMW Deutschland Marco Wittmann
75%
T3 Motorsport(Gastfahrer)(2) 63 Lamborghini Italien Mirko Bortolotti
75%
Red Bull AlphaTauri AF Corse(14) 23 Ferrari Thailand Alexander Albon
50%
Mercedes-AMG Team GruppeM Racing 8 Mercedes Spanien Daniel Juncadella
50%
Team Abt Sportsline 9 Audi Deutschland Mike Rockenfeller
50%
Team Rosberg 51 Audi Schweiz Nico Müller
50%
Rowe Racing 16 BMW Deutschland Timo Glock
50%
JP Motorsport(Gastfahrer)(6) 15 McLaren Österreich Christian Klien
25%
Team Rosberg(13) 12 Audi USA Dev Gore
25%
T3 Motorsport 26 Lamborghini Großbritannien Esmee Hawkey
25%
T3 Motorsport 10 Lamborghini Belgien Esteban Muth
25%
Mercedes-AMG Team HRT(Gastfahrer)(2) 6 Mercedes Deutschland Hubert Haupt
25%
Team Abt Sportsline(Gastfahrer)(4) 37 Audi Brasilien Lucas di Grassi
25%
Toksport WRT(Gastfahrer)(2) 7 Mercedes Deutschland Luca Stolz
25%
Team Abt(2) 99 Audi Deutschland Markus Winkelhock
25%
Mercedes-AMG Team Mücke Motorsport(2) 18 Mercedes Deutschland Marvin Dienst
25%
T3 Motorsport(Gastfahrer)(2) 71 Lamborghini Deutschland Maximilian Paul
25%
SSR Performance(Gastfahrer)(2) 92 Porsche Deutschland Michael Ammermüller
25%
Red Bull AlphaTauri AF Corse(2) 23 Ferrari Neuseeland Nick Cassidy
25%
Mercedes-AMG Team WINWARD 57 Mercedes Schweiz Philip Ellis
25%
Team Abt(14) 99 Audi Deutschland Sophia Flörsch
25%
Mercedes-AMG Team HRT 5 Mercedes Monaco Vincent Abril
25%
Team Rosberg(2) 12 Audi Deutschland Christopher Haase
0%
Mercedes-AMG Team Mücke Motorsport(14) 18 Mercedes Deutschland Maximilian Buhk
0%
Keine übereinstimmenden Quizze gefunden
Verteilung der Resultate
Anzahl Personen mit jedem Resultat
Perzentil nach korrekt beantworteten Fragen
Ihre Resultats-Entwicklung
Sie haben dieses Quiz noch nicht gespielt